000 00510nam a2200205Ia 4500
003 0100
008 130303s9999 xx 000 0 und d
020 _a883449498
040 _cARRUPELIB
050 _aRA644.A25A36 1994
245 _aAids, ethics and religion
245 _bembracing a world of suffering
260 _aMaryknoll
260 _bOrbis Books
260 _C1994
300 _aix
300 _b 284p. 24cm.
700 _aedited by Kenneth R. Overberg , Overberg, Kenneth R
942 0 0 _04
999 _c8846
_d8846